|
|
|
|
| LEADER |
00000cam a2200000 i 4500 |
| 001 |
1/89730 |
| 008 |
080625s1966 gr | ||| |||| ||gre|| |
| 035 |
|
|
|l 10098444
|
| 040 |
|
|
|a GR-MY-UA
|b gre
|e aacr
|
| 041 |
0 |
|
|a gre
|
| 082 |
7 |
|
|a 938.396
|2 (22)
|
| 245 |
0 |
2 |
|a Ο Νέος Κουβαράς :
|b ετήσιος ηπειρωτικός χρονογράφος /
|c διευθύνεται υπό επιτροπής.
|
| 260 |
|
|
|a Αθήναι :
|b [χ.ό],
|c 1961-1966.
|
| 300 |
|
|
|a 3τ. ;
|c 25 εκ.
|
| 650 |
0 |
0 |
|a Chronology, Historical.
|
| 651 |
|
0 |
|a Epirus (Greece and Albania)
|x History.
|
| 852 |
|
|
|a INST
|b RHODES
|c AKA
|e 20080625
|h 938.396 ΝΕΟ
|p 005400028931
|q 005400028931
|t BK
|v τομ.3:
|y 0
|
| 853 |
|
|
|a INST
|b RHODES
|c AKA
|h 938.396 ΝΕΟ
|
| 901 |
|
|
|a BIBL4-2008-2
|
| 909 |
|
|
|a Ρ
|b 150274
|
| 970 |
|
|
|a ΜΙΣΣΟΣ
|b ΣΤΑΥΡΟΣ
|z 2008/06/25
|